|
|
|
|
| LEADER |
00000cam a2200000 a 4500 |
| 001 |
45041 |
| 005 |
20230308155448.0 |
| 008 |
992040|1988 ||||||||r|||||||||||spa|| |
| 040 |
|
|
|b spa
|
| 041 |
1 |
|
|a spa
|
| 082 |
0 |
|
|a 352.63
|
| 110 |
2 |
|
|a Fundación Friedrich Naumann.
|9 7239
|
| 245 |
|
|
|a La Burocracia pública en el Ecuador
|c Fundación Friedrich Naumann
|h imp
|
| 264 |
|
|
|a Quito
|b Fundación Naumann
|c 1988
|
| 300 |
|
|
|a 204 páginas:
|c 23.5 cm
|
| 500 |
|
|
|a trabajos premiados en el concurso de Administración, organizado por ALAP sección SENAE
|
| 650 |
|
|
|a Burocracia ecuatoriana
|9 11880
|
| 650 |
|
0 |
|a Administración pública
|9 315
|
| 852 |
|
|
|a UC-CDJBV
|c PRIMER PISO
|f Canje
|k margarita.gutierrez
|l 1
|m General
|p 19920401
|q 1.500,00
|r 2
|t 45041
|y 25316
|b 0
|d CDRC
|e CDRC
|g 352.63 PRIMER PISO
|z 1992-20-40
|
| 942 |
|
|
|c BK
|
| 999 |
|
|
|c 5979
|d 5979
|